000 00863nam a22002297a 4500
999 _c2110
_d2110
001 2110
003 BD-JhCC
005 20190925134018.0
008 171029b bg ac||| |||| 000 0 ben d
020 _a9789845980012
035 _a(BD-JhCC)2110
040 _aBD-JhCC
_dBD-JhCC
041 _aben
082 _a891.4435
_bDUI 2014
245 _aদুই বাংলার নির্বাচিত কিশোর গল্প সংকলন /
_cসম্পাদনা সুনীল গঙ্গোপাধ্যায় ও ইমদাদুল হক মিলন
300 _a৭৫৮ পৃ. :
_bill. ;
_c২২ সেমি.
650 _aCollection of Juvenile Stories
700 _aগঙ্গোপাধ্যায়, সুনীল
700 _aমিলন, ইমদাদুল হক
942 _2ddc
_cBK
_01